Language by Example Quiz Stats

 Plays Quiz Updated Apr 6, 2012

Challenge
Share
Tweet
Embed
Score 0/36 Timer 12:00
4 Plays Today
Sentence Language % Correct
Elephants are the largest land animals now living.English
99.7%
Existen hoy en día tres especies y diversas subespecies.Spanish
97.6%
Elefanten sind die größten noch lebenden Landtiere.German
95.2%
性情温和,比较容易驯服。Chinese
93.6%
陸棲哺乳類では最大の大きさを誇る。Japanese
92.1%
L'éléphant apparaît dans de nombreuses cultures.French
91.8%
الفيل حيوان ثدييي نباتيArabic
85.9%
Слон очень хорошо плавает.Russian
84.6%
코끼리의 코는 가장 활용을 많이하는 수단이다. Korean
73.1%
Ο Ελέφαντας είναι το μεγαλύτερο χορτοφάγο θηλαστικό στη γηGreek
72.1%
Os elefantes são animais herbívoros.Portuguese
71.9%
Maxima animalia mammifera terrestria sunt elephanti. Latin
71.4%
W żuchwie znajdowała się jeszcze para krótkich ciosów.Polish
59.8%
.החדק משמש אפו של הפילHebrew
59.1%
Elefanterna är den enda familj av snabeldjur som inte dött ut.Swedish
53.7%
Gli elefanti hanno un udito e un olfatto sviluppatissimi.Italian
51.9%
Elefanter fødes med en ofte rødlig sparsom hårvækst.Danish
46.3%
Voi chủ yếu đi lại bằng đầu ngón chân.Vietnamese
44.9%
Sentence Language % Correct
Een mannetje wordt stier of bul genoemd.Dutch
41.6%
Hannene er betydelig større enn hunnene.Norwegian
36%
فیل‌ها سنگین‌ترین جانوران خشکی هستند.Persian
34.9%
Slon je největší žijící suchozemský savec.Czech
33.6%
Ndovu wa Kiafrika ni mkubwa.Kiswahili
30.2%
Bu uzantı Afrika filinde çift, Asya filinde tektir.Turkish
20.7%
Fílar eru stærstu núlifandi landdýrin.Icelandic
20.7%
Az elefántok a ma élő legnagyobb szárazföldi állatok.Hungarian
20.4%
Maen nhw'n bwyta planhigion, yn arbennig glaswellt.Welsh
17.1%
Olifante is die enigste slurpdiere van hierdie tydperk.Afrikaans
16.7%
Tá na heilifintí le fáíl san Afraic agus san Áise.Irish
16.6%
Ither spece hae become extinct langsyne the last ice aige.Scots
15%
ஆண் யானைக்கு களிறு என்று பெயர்.Tamil
12.3%
Ili estas la nun plej grandaj surteraj mamuloj.Esperanto
10.5%
Сонсгол мөн сайн боловч хараа муутай.Mongolian
10.3%
Elefanti është kafshë barngrënëse që jeton në Afrikë e Azi.Albanian
9.5%
Elpendas sind þā grēatostan lifiendan landdēor.Old English
7.6%
Fîl an fêl di nav ajelên reşayiyê de yê herî mezin e.Kurdish
3.4%

You're not logged in!

Compare scores with friends on all Sporcle quizzes.
OR
Log In

You Might Also Like...

Show Comments

Extras

Top Quizzes Today


Score Distribution

Your Account Isn't Verified!

In order to create a playlist on Sporcle, you need to verify the email address you used during registration. Go to your Sporcle Settings to finish the process.

Report this User

Report this user for behavior that violates our Community Guidelines.

Details: